Ajuste : tecnología, 3er curso / tecnología, 3er curso /
Publicado:
Barcelona :
Escuela de Trabajo de la Diputación Provincial de Barcelona, Escuela de Maestría Industrial, DL 1968
Descripción Física:
147 p. : il. ; 22 cm
MARC
| LEADER | 00000nam a2200000Ia 4500 | ||
|---|---|---|---|
| 001 | 6187 | ||
| 008 | 160829s9999 xx 000 0 cat d | ||
| 080 | |a C-1-424 | ||
| 100 | |a Saura Marín, Domingo |9 19675 | ||
| 245 | |a Ajuste : |b tecnología, 3er curso / |c D. Saura Marin | ||
| 260 | |a Barcelona : |b Escuela de Trabajo de la Diputación Provincial de Barcelona, Escuela de Maestría Industrial, DL 1968 | ||
| 300 | |a 147 p. : |b il. ; |c 22 cm | ||
| 650 | |a Mecànica aplicada |9 19676 | ||
| 650 | 0 | |a Escola del treball (Barcelona). Escola de Mestratge Industrial |9 21240 | |
| 901 | |a Arxiu | ||
| 942 | |n 1 | ||
| 952 | |0 0 |1 0 |4 0 |6 C1424 |7 1 |9 41303 |a Arxiu |b Arxiu |d 2016-12-01 |l 0 |o C-1-424 |p 6187 |r 2016-12-01 00:00:00 |w 2016-12-01 |y ARXIU | ||
| 999 | |c 43086 |d 43086 | ||